BIBLIOTHÈQUE DE LA MAISON DU MEXIQUE

Logo 1 Logo 2

El balcón barroco (notice nᵒ 1319)

détails MARC
000 -Sello discográfico
campo de control de longitud fija 00947nam a2200301 4500
005 - Identificación de versión
campo de control 20251016082716.0
010 ## - Número Estándar Internacional de Libros (ISBN)
Número (ISBN) 968-837-368-0
035 ## - Otros números de control del sistema
Número de control del sistema 18969
099 ## - fechas locales
Tipo de ítem Koha LIBRO
100 ## - Datos de procesamiento general
Datos de procesamiento general 19961205d1988 m y1spay5003 ba
105 ## - Campo de datos codificados: Material textual, monográfico
Datos codificados de monografía y 001zy
200 1# - Título y mención de responsabilidad
Título propio El balcón barroco
Designación general del material texto impreso
Primer mención de responsabilidad Noé Jitrik
205 ## - Declaración de edición
Declaración de edición 1a ed
210 ## - Publicación, distribución, etc.
Lugar de publicación, distribución, etc. México
Nombre del editor, distribuidor, etc. Universidad Nacional Autónoma de México, Coordinación de Humanidades
Fecha de publicación, distribución, etc. 1988
215 ## - Descripción física
Designación de material específico y extensión del ítem 247 p
Dimensiones 21 cm
345 ## - Nota de información de adquisición
Fuente de adquisición/dirección de la suscripción [OBSOLETO] Donación de la UNAM
410 #1 - Series
Título Biblioteca de Letras
606 ## - Término temático usado como materia
Elemento de entrada Novela hispanoamericana
Subdivisión temática Historia y crítica
Número Koha 1654
660 ## - Código de área geográfica
Código MX
700 ## - Nombre personal - Responsabilidad primaria
Elemento de entrada Jitrik
Parte del nombre distinta del elemento de entrada Noé
Fechas 1928-2022
Número Koha 3422
801 #0 - Fuente de origen
Agencia cm
900 ## -
-- 1/13387
900 ## -
-- 710962883\\051296
942 ## - ELEMENTOS DE ENTRADA SECUNDARIOS (KOHA)
Tipo de ítem Koha Livre
996 ## -
-- MEX
-- 751145101
-- MMAG
-- 006863
-- AL863.4 J61B
-- 20220923LIV
Exemplaires
Estatus retirado Estado de daño Estado de pérdida Fecha de adquisición Biblioteca de origen Biblioteca actual Ubicación en estantería Código de barras Precio de reemplazo Signatura topográfica completa No para préstamo Tipo de ítem Koha Nota pública Nota no pública
      05/08/2025 Casa México Paris Casa México Paris   006863 05/08/2025 AL863.4 J61B   Livre 20220923LIV 751145101